Random Words in Croatian - Statistics

General Stats
  • This quiz has been taken 47 times
  • The average score is 7 of 18
Answer Stats
Hint Answer % Correct
Krevet Bed
73%
Piti Drink
65%
Vojska Army
63%
Star Old
60%
Koji Which
60%
Kao Like
50%
Sveučilište University
50%
Rame Shoulder
45%
Rječnik Dictionary
40%
Vladati Rule
40%
Osim Except
35%
Prijestolnica Capital
30%
Razmjena Exchange
28%
Istraživač Explorer
28%
Računovođa Accountant
23%
Svjedočiti Testify
10%
Prepoznatljiv Recognizable
5%
Obilježen Labelled
3%
No matching quizzes found
Score Distribution
Percent of People with Each Score
Percentile by Number Answered
Your Score History
You have not taken this quiz